000 00474pab a2200169 454500
008 180718b1957 xxu||||| |||| 00| 0 eng d
100 _aBradley, Phillips
245 _aInter-governmental relations in the United States
260 _c1957
300 _ap.371-381.
362 _aOct-Dec
650 _aFederal state relations - United States
650 _aFederal state relations
773 _aIndian Journal of Public Administration
908 _aN
909 _a100636
999 _c100635
_d100635